000
00190nam a2200073Ia 4500
008
170817s9999 xx 000 0 und d
100
_a
REDDY L. V.
245
0
_a
MATHODS OF TEACHING RURAL SOCIOLOGY
260
_b
DISCOVERY PUB
999
_c
37225
_d
37225